|
|
|
|
| LEADER |
00000nab a2200000 a 4500 |
| 001 |
vtls000023699 |
| 003 |
SK-MaSNL |
| 005 |
20260304025150.0 |
| 008 |
111103c1978 xo 0 slo |
| 015 |
|
|
|a SNBRB19rr/mm-uuuuu
|
| 035 |
|
|
|a CL0033793
|
| 040 |
|
|
|a SNKBUCL
|b slo
|c SNKBUCL
|e AACR2
|
| 041 |
1 |
|
|a slo
|h rus
|
| 044 |
|
|
|a xo
|c SK
|
| 080 |
|
|
|a 894.612.4 (470.67)-1
|2 1981
|
| 100 |
1 |
|
|a Alijeva, Fazu,
|d 1932-2016
|4 aut
|9 219907
|
| 245 |
1 |
0 |
|a Novoročný prípitok
|c Fazu Alijevová ; preložil Michal Chuda
|
| 500 |
|
|
|a Pod spoločným názvom Avarské verše
|
| 655 |
|
7 |
|a články z novín a časopisov
|2 snkbucl
|9 267496
|
| 655 |
|
7 |
|a články z odboru literárna veda a krásna literatúra
|2 snkbucl
|9 770045
|
| 655 |
|
7 |
|a dagestanská poézia
|2 snkbucl
|9 1257505
|
| 700 |
1 |
|
|a Chuda, Michal,
|d 1947-
|4 trl
|9 109482
|
| 773 |
0 |
|
|t Sovětská literatura
|g Č. 11 (1978), s. 110-111
|
| 850 |
|
|
|a Slovenská národná knižnica
|
| 852 |
|
|
|a Slovenská národná knižnica
|
| 958 |
|
|
|a RK
|
| 958 |
|
|
|a LX
|
| 992 |
|
|
|a RBX
|
| 999 |
|
|
|c 2625719
|d 2627649
|